| 000 | 00646ntaaa2200205 4500 | ||
|---|---|---|---|
| 003 | 01 | ||
| 005 | 20251027203154.0 | ||
| 008 | 0714s1973 ag 01 | ||
| 020 | _a8471531925 | ||
| 040 |
_aAR-BaBN _bspa _cAR-BaBN _eaacr _dRIC |
||
| 082 | _a483 P11v | ||
| 100 |
_aPabón S. de Urbina, José .M _933244 |
||
| 245 |
_aVox : _bDiccionario Manual Griego-Español / _cJosé .M Pabón S. de Urbina |
||
| 250 | _a9 ed. | ||
| 260 |
_aBarcelona : _bBiblograf, S.A., _c1975 |
||
| 300 |
_a711 p ; _c19.5 cm |
||
| 500 | _aContiene Lista de Abreviaturas, Apendice Gramatical: Morfología y Sintaxis | ||
| 650 |
_aGRIEGO - DICCIONARIOS _933245 |
||
| 942 | _cBK | ||
| 999 |
_c27193 _d27193 |
||